Highest Mountains of Every Country - Statistics

General Stats
  • This quiz has been taken 1,540 times
  • The average score is 24 of 198
Answer Stats
Mountain Height Country Mountain % Correct
8848 m 29,029 ft China Mount Everest
96%
8848 m 29,029 ft Nepal Mount Everest
96%
8611 m 28,251 ft Pakistan K2
85%
4810 m 15,781 ft France Mont Blanc
70%
5892 m 19,331 ft Tanzania Kilimanjaro
68%
6190 m 20,310 ft United States Denali
66%
6960 m 22,835 ft Argentina Aconcagua
60%
5642 m 18,510 ft Russia Mount Elbrus
60%
3776 m 12,388 ft Japan Mount Fuji
50%
5199 m 17,057 ft Kenya Mount Kenya
47%
8586 m 28,169 ft India Kangchenjunga
45%
5137 m 16,854 ft Turkey Mount Ararat
45%
5959 m 19,551 ft Canada Mount Logan
42%
1345 m 4,413 ft United Kingdom Ben Nevis
41%
2917 m 9,570 ft Greece Mount Olympus
37%
1951 m 6,401 ft Cyprus Mount Olympus
37%
6267 m 20,561 ft Ecuador Chimborazo
36%
2962 m 9,718 ft Germany Zugspitze
36%
4884 m 16,024 ft Indonesia Puncak Jaya
33%
3715 m 12,188 ft Spain Teide
33%
3724 m 12,218 ft New Zealand Aoraki / Mount Cook
31%
4634 m 15,203 ft Switzerland Dufourspitze / Monte Rosa
31%
3798 m 12,461 ft Austria Grossglockner
31%
2228 m 7,310 ft Australia Mount KosciuszkO
28%
6893 m 22,615 ft Chile Ojos del Salado
26%
5109 m 16,762 ft Democratic Republic of the Congo Mount Stanley
25%
2864 m 9,396 ft Slovenia Triglav
25%
4810 m 15,781 ft Italy Monte Bianco
24%
2501 m 8,205 ft Poland Rysy
24%
5636 m 18,491 ft Mexico Volcán Citlaltépetl / Pico de Orizaba
23%
6768 m 22,205 ft Peru Huascarán
22%
5610 m 18,406 ft Iran Damavand
21%
4040 m 13,255 ft Cameroon Mount Cameroon
21%
7570 m 24,836 ft Bhutan Gangkhar Puensum
19%
4509 m 14,793 ft Papua New Guinea Mount Wilhelm
19%
7492 m 24,580 ft Afghanistan Noshaq
19%
2097 m 6,880 ft Sweden Kebnekaise
18%
2469 m 8,100 ft Norway Galdhøpiggen
17%
4978 m 16,332 ft Venezuela Pico Bolívar
17%
7010 m 22,999 ft Kazakhstan Khan Tengri
15%
5775 m 18,947 ft Colombia Cristóbal Colón
14%
7495 m 24,590 ft Tajikistan Ismoil Somoni Peak
14%
2655 m 8,711 ft Slovakia Gerlachovský štít
13%
2599 m 8,527 ft Liechtenstein Grauspitz
13%
2764 m 9,068 ft Albania Korab
13%
2544 m 8,346 ft Romania Moldoveanu
13%
1831 m 6,007 ft Croatia Dinara
12%
3143 m 10,312 ft Vietnam Fan Si Pan
12%
1324 m 4,344 ft Finland Halti
12%
2061 m 6,762 ft Ukraine Hoverla
12%
2386 m 7,828 ft Bosnia and Herzegovina Maglić
12%
2925 m 9,596 ft Bulgaria Musala
12%
6542 m 21,463 ft Bolivia Sajama
12%
5201 m 17,064 ft Georgia Shkhara
12%
1603 m 5,259 ft Czech Republic Sněžka
12%
75 m 246 ft Vatican City Vatican Hill
12%
5881 m 19,295 ft Myanmar Hkakabo Razi
11%
3450 m 11,319 ft South Africa Mafadi
11%
2629 m 8,625 ft Egypt Mount Catherine
11%
2110 m 6,921 ft Iceland Hvannadalshnúkur
10%
4165 m 13,665 ft Morocco Jbel Toubkal
10%
7439 m 24,406 ft Kyrgyzstan Jengish Chokusu
10%
1014 m 3,327 ft Hungary Kékes
10%
2954 m 9,692 ft Philippines Mount Apo
10%
2995 m 9,826 ft Brazil Pico da Neblina
10%
3952 m 12,966 ft Taiwan Yu Shan / Jade Mountain
10%
3445 m 11,302 ft Chad Emi Koussi
9%
5109 m 16,762 ft Uganda Mount Stanley (Margherita Peak)
9%
4550 m 14,928 ft Ethiopia Ras Dejen
9%
322m1,058 ft Netherlands The Vaalserberg
9%
2256 m 7,402 ft Jamaica Blue Mountain Peak
8%
1038 m 3,406 ft Ireland Carrauntoohil
8%
3700 m 12,139 ft Greenland Gunnbjørn Fjeld
8%
1950 m 6,398 ft South Korea Halla-san
8%
2573 m 8,442 ft Namibia Königstein
8%
2169 m 7,116 ft Serbia Midžor
8%
171 m 561 ft Denmark Møllehøj
8%
739 m 2,425 ft San Marino Monte Titano
8%
4090 m 13,419 ft Armenia Mount Aragats
8%
2236 m7,336 ft Israel Mount Hermon
8%
3003 m 9,852 ft Algeria Mount Tahat
8%
2744 m 9,003 ft North Korea Paektu-san
8%
2024 m 6,640 ft São Tomé and Príncipe Pico de São Tomé
8%
694 m 2,277 ft Belgium Signal de Botrange
8%
2565 m 8,415 ft Thailand Doi Inthanon
7%
4643 m 15,233 ft Uzbekistan Khazret Sultan
7%
560 m 1,837 ft Luxembourg Kneiff
7%
2351 m 7,713 ft Portugal Montanha do Pico
7%
2829 m 9,281 ft Cape Verde Pico do Fogo
7%
3098 m 10,164 ft Dominican Republic Pico Duarte
7%
2534 m 8,314 ft Montenegro Zla Kolata
7%
3139 m 10,299 ft Turkmenistan Aýrybaba
6%
2267 m 7,438 ft Libya Bikku Bitti
6%
2870 m 9,416 ft Honduras Cerro Las Minas
6%
2419 m 7,936 ft Nigeria Chappal Waddi
6%
2942 m 9,652 ft Andorra Coma Pedrosa
6%
4095 m 13,436 ft Malaysia Gunung Kinabalu
6%
1230 m 4,035 ft Suriname Juliana Top
6%
4374 m 14,350 ft Mongolia Khüiten Peak
6%
3187 m 10,456 ft South Sudan Kinyeti
6%
2436 m 7,992 ft Mozambique Monte Binga
6%
4485 m 14,715 ft Azerbaijan Mount Bazardüzü
6%
4507 m 14,787 ft Rwanda Mount Karisimbi
6%
2360 m 7,743 ft Comoros Mount Karthala
6%
3002 m 9,849 ft Malawi Mount Mulanje
6%
2772 m 9,094 ft Guyana Mount Roraima
6%
1810 m 5,938 ft Cambodia Phnom Aural
6%
318 m 1,043 ft Estonia Suur Munamägi
6%
3482 m 11,424 ft Lesotho Thabana Ntlenyana
6%
2660 m 8,728 ft Kosovo Kosovo Velika Rudoka
6%
3475 m 11,401 ft Panama Volcán Barú
6%
4220 m 13,845 ft Guatemala Volcán Tajumulco
6%
430 m 1,411 ft Moldova Bălănești Hill
5%
402 m 1,319 ft Antigua and Barbuda Boggy Peak
5%
3820 m 12,533 ft Costa Rica Cerro Chirripó
5%
3611 m 11,847 ft Iraq Cheekha Dar
5%
3042 m 9,980 ft Sudan Deriba Caldera
5%
1124 m 3,688 ft Belize Doyle's Delight
5%
3018 m 9,902 ft Eritrea Emba Soira
5%
1862 m 6,109 ft Swaziland / Eswatini Emlembe
5%
2764 m 9,068 ft North Macedonia Golem Korab
5%
2329 m 7,641 ft Zambia Mafinga Central
5%
2876 m 9,436 ft Madagascar Maromokotro
5%
2107 m 6,913 ft Nicaragua Mogotón
5%
2684 m 8,806 ft Burundi Mount Heha
5%
2620 m 8,596 ft Angola Mount Moco
5%
2028 m 6,654 ft Djibouti Mousa Ali
5%
1491 m 4,892 ft Botswana Otse Hill
5%
2817 m 9,242 ft Laos Phou Bia
5%
3008 m 9,869 ft Equatorial Guinea Pico Basile
5%
1974 m 6,476 ft Cuba Pico Turquino
5%
2450 m 8,038 ft Somalia Shimbiris
5%
1850 m 6,070 ft Brunei Bukit Pagon
4%
514 m 1,685 ft Uruguay Cerro Catedral
4%
2730 m 8,957 ft El Salvador Cerro El Pital
4%
1910 m 6,266 ft United Arab Emirates Jabal Al Jais
4%
3666 m 12,028 ft Yemen Jabal An-Nabi Shu'ayb
4%
3009 m 9,872 ft Oman Jabal Shams
4%
1544 m 5,066 ft Tunisia Jebel ech Chambi
4%
1033 m 3,389 ft Tonga Kao
4%
1234 m 4,049 ft Saint Vincent and the Grenadines La Soufrière
4%
2022 m 6,634 ft Niger Mont Idoukal-n-Taghès
4%
1752 m 5,748 ft Guinea Mont Nimba
4%
1752 m 5,748 ft Ivory Coast Mont Nimba
4%
905 m 2,969 ft Seychelles Morne Seychellois
4%
2592 m 8,504 ft Zimbabwe Mount Nyangani
4%
2335 m 7,661 ft Solomon Islands Mount Popomanaseu
4%
2963 m 9,721 ft Timor-Leste Mount Ramelau
4%
840 m 2,756 ft Grenada Mount Saint Catherine
4%
2680 m 8,793 ft Haiti Pic la Selle
4%
2524 m 8,281 ft Sri Lanka Pidurutalagala
4%
3088 m 10,131 ft Lebanon Qurnat as Sawda'
4%
1324 m 4,344 ft Fiji Tomanivi
4%
294 m 964 ft Lithuania Aukštojas Hill
3%
842 m 2,762 ft Paraguay Cerro Peró
3%
65 m 213 ft Nauru Command Ridge
3%
312 m 1,024 ft Latvia Gaiziņkalns
3%
2814 m 9,232 ft Syria Jabal el-Sheikh
3%
3133 m 10,279 ft Saudi Arabia Jabal Ferwa’
3%
1854 m 6,083 ft Jordan Jabal Umm ad Dami
3%
1420 m 4,659 ft Central African Republic Mont Ngaoui
3%
1447 m 4,747 ft Dominica Morne Diablotins
3%
122 m 400 ft Bahrain Mountain of Smoke
3%
1948 m 6,391 ft Sierra Leone Mount Bintumani
3%
336 m 1,102 ft Barbados Mount Hillaby
3%
1877 m 6,158 ft Vanuatu Mount Tabwemasana
3%
1440 m 4,724 ft Liberia Mount Wuteve
3%
53 m 174 ft Gambia Red Rock
3%
253 m 830 ft Malta Ta'Dmejrek
3%
346 m 1,135 ft Belarus Dzyarzhynskaya Hara
2%
1155 m 3,789 ft Mali Hombori Tondo
2%
915 m3,002 ft Mauritania Kediet ej Jill
2%
1857 m 6,093 ft Samoa Mauga Silisili on Savai'i
2%
1070 m 3,510 ft Gabon Mont Bengoué
2%
63 m 207 ft Bahamas Mount Alvernia
2%
950 m 3,117 ft Saint Lucia Mount Gimie
2%
1156 m 3,793 ft Saint Kitts and Nevis Mount Liamuiga
2%
749 m 2,457 ft Burkina Faso Mount Tenakourou
2%
782 m 2,566 ft Federated States of Micronesia Nanlaud
2%
828 m 2,717 ft Mauritius Piton de la Petite Rivière Noire
2%
161 m 528 ft Monaco along Chemin des Révoires
1%
87 m 285 ft Kiribati Banaba
1%
164 m 537 ft Singapore Bukit Timah Hill
1%
940 m 3,084 ft Trinidad and Tobago El Cerro del Aripo
1%
10 m 33 ft Marshall Islands Likiep Atoll
1%
986 m 3,235 ft Togo Mont Agou
1%
262 m 860 ft Guinea-Bissau Monte Torin
1%
1020 m 3,346 ft Republic of the Congo Mont Nabemba
1%
880 m 2,887 ft Ghana Mount Afadjato
1%
1030 m 3,379 ft Palestine Mount Nabi Yunis
1%
242 m 794 ft Palau Mount Ngerchelchuus
1%
5 m 17 ft Maldives Mount Villingili
1%
306 m 1,004 ft Kuwait Mutla Ridge
1%
648 m 2,126 ft Senegal Nepen Diakha
1%
1052 m 3,451 ft Bangladesh Saka Haphong
1%
658 m 2,159 ft Benin Mont Sokbaro
0%
4,6 m 15 ft Tuvalu Niulakita
0%
103 m 338 ft Qatar Qurayn Abu al Bawl
0%
No matching quizzes found
Score Distribution
Percent of People with Each Score
Percentile by Number Answered
Your Score History
You have not taken this quiz